| 000 | 01144nam0a22002771 4500 | ||
|---|---|---|---|
| 001 | rc\4095967 | ||
| 005 | 20260408084021.0 | ||
| 021 |
_aRU _b[49-1088] |
||
| 035 | _a(NLR Aleph) 008135931 | ||
| 090 |
_a9453735 _c9453735 |
||
| 100 | _a20130415d1949 |||y0rusy50 ca | ||
| 101 | 0 | _arus | |
| 102 | _aRU | ||
| 105 | _ay z ||||| | ||
| 200 | 1 |
_aСоставление производственного плана и приходно-расходной сметы колхоза _fЛенингр. обл. упр. сельского хозяйства |
|
| 210 |
_a[Ленинград] _cЛениздат _d1949 _gтип. им. Володарского |
||
| 215 |
_a80 с. _d21 |
||
| 300 | _aНа 3-й с. авт.: доц. П.А. Кальм | ||
| 606 |
_aКолхозы _xПланирование _2psbo |
||
| 700 | 1 |
_aКальм _bП.А. _gПавел Алексеевич |
|
| 712 | 0 | 2 |
_aЛенинградское областное управление сельского хозяйства _3RU\NLR\AUTH\8810178852 _9853803 |
| 801 | 0 |
_aRU _bNLR _gpsbo |
|
| 801 | 1 |
_aRU _bELAR _2rusmarc |
|
| 852 |
_aNLR _jЭк50 Г-4/1277 |
||
| 942 | _cBOOK | ||
| 980 | _aNB | ||